Land vs. Land #190 - Statistiken

Allgemein
  • Dieses Quiz wurde 23 mal gespielt
  • Das Durchschnittsergebnis liegt bei 11 aus 16
Antwortstatistiken
Frage Antwort % Korrekt
...Einwohner? Japan🇯🇵
100%
...Bruttoinlandsprodukt? Japan🇯🇵
100%
...Militär? Japan🇯🇵
100%
...Exportmengen? Japan🇯🇵
100%
...Happy Planet Index? Norwegen🇳🇴
100%
...Tourismus? Japan🇯🇵
95%
...Bruttoinlandsprodukt pro Kopf? Norwegen🇳🇴
86%
...durchschnittlicher IQ? Japan🇯🇵
76%
...Gesundheitswesen? Norwegen🇳🇴
71%
...Gewinner? Japan🇯🇵
62%
...HDI (Human Development Index)? Norwegen🇳🇴
62%
...Fläche? Norwegen🇳🇴
52%
...Beschäftigungsquote? Japan🇯🇵
43%
...Küstenlänge? Norwegen🇳🇴
43%
...Lebenserwartung? Norwegen🇳🇴
24%
...Frieden? Japan🇯🇵
10%
Keine übereinstimmenden Quizze gefunden
Verteilung der Resultate
Anzahl Personen mit jedem Resultat
Perzentil nach korrekt beantworteten Fragen
Ihre Resultats-Entwicklung
Sie haben dieses Quiz noch nicht gespielt